Pokemon Quiz: Kanto and Jhoto - Statistics

General Stats
  • This quiz has been taken 1,851 times
    1,846 since last reset
  • The average score is 146 of 251
Answer Stats
# Pokemon % Correct
001 Bulbasaur
95%
002 Ivysaur
92%
004 Charmander
90%
006 Charizard
88%
007 Squirtle
88%
005 Charmeleon
87%
025 Pikachu
86%
009 Blastoise
85%
151 Mew
84%
008 Wartortle
84%
150 Mewtwo
83%
026 Raichu
83%
012 Butterfree
82%
010 Caterpie
82%
011 Metapod
82%
015 Beedrill
81%
016 Pidgey
81%
013 Weedle
81%
018 Pidgeot
80%
074 Geodude
79%
014 Kakuna
79%
146 Moltres
79%
017 Pidgeotto
79%
144 Articuno
78%
145 Zapdos
78%
095 Onix
77%
092 Gastly
76%
076 Golem
76%
093 Haunter
76%
148 Dragonair
75%
149 Dragonite
75%
094 Gengar
75%
075 Graveler
75%
019 Rattata
75%
021 Spearow
75%
024 Arbok
74%
147 Dratini
74%
023 Ekans
74%
022 Fearow
74%
129 Magikarp
74%
020 Raticate
74%
158 Totodile
74%
063 Abra
73%
065 Alakazam
73%
155 Cyndaquil
73%
133 Eevee
73%
135 Jolteon
73%
064 Kadabra
73%
136 Flareon
72%
134 Vaporeon
72%
003 Venusaur
72%
152 Chikorita
71%
250 Ho-Oh
71%
039 Jigglypuff
71%
249 Lugia
71%
066 Machop
71%
153 Bayleef
70%
130 Gyarados
70%
068 Machamp
70%
067 Machoke
70%
034 Nidoking
70%
031 Nidoqueen
70%
029 Nidoran♀
70%
032 Nidoran♂
70%
041 Zubat
70%
042 Golbat
69%
030 Nidorina
69%
033 Nidorino
69%
040 Wigglytuff
69%
059 Arcanine
68%
069 Bellsprout
68%
035 Clefairy
68%
125 Electabuzz
68%
101 Electrode
68%
244 Entei
68%
044 Gloom
68%
058 Growlithe
68%
106 Hitmonlee
68%
124 Jynx
68%
126 Magmar
68%
043 Oddish
68%
156 Quilava
68%
123 Scyther
68%
208 Steelix
68%
157 Typhlosion
68%
100 Voltorb
68%
118 Goldeen
67%
107 Hitmonchan
67%
109 Koffing
67%
081 Magnemite
67%
154 Meganium
67%
089 Muk
67%
143 Snorlax
67%
245 Suicune
67%
110 Weezing
67%
036 Clefable
66%
131 Lapras
66%
052 Meowth
66%
172 Pichu
66%
077 Ponyta
66%
121 Starmie
66%
120 Staryu
66%
045 Vileplume
66%
037 Vulpix
66%
159 Croconaw
65%
082 Magneton
65%
078 Rapidash
65%
197 Umbreon
65%
070 Weepinbell
65%
050 Diglett
64%
088 Grimer
64%
053 Persian
64%
119 Seaking
64%
051 Dugtrio
63%
196 Espeon
63%
140 Kabuto
63%
038 Ninetales
63%
060 Poliwag
63%
071 Victreebel
63%
113 Chansey
62%
160 Feraligatr
62%
116 Horsea
62%
141 Kabutops
62%
061 Poliwhirl
62%
062 Poliwrath
62%
027 Sandshrew
62%
028 Sandslash
62%
142 Aerodactyl
61%
251 Celebi
61%
243 Raikou
61%
079 Slowpoke
61%
128 Tauros
61%
117 Seadra
60%
086 Seel
60%
080 Slowbro
60%
087 Dewgong
59%
132 Ditto
59%
163 Hoothoot
59%
138 Omanyte
59%
139 Omastar
59%
112 Rhydon
59%
072 Tentacool
59%
073 Tentacruel
59%
056 Mankey
58%
122 Mr. Mime
58%
164 Noctowl
58%
127 Pinsir
58%
111 Rhyhorn
58%
055 Golduck
57%
057 Primeape
57%
054 Psyduck
57%
169 Crobat
56%
096 Drowzee
56%
097 Hypno
56%
137 Porygon
56%
049 Venomoth
56%
048 Venonat
56%
084 Doduo
55%
239 Elekid
55%
237 Hitmontop
55%
240 Magby
55%
161 Sentret
55%
085 Dodrio
54%
162 Furret
54%
212 Scizor
54%
175 Togepi
54%
091 Cloyster
53%
083 Farfetch'd
53%
099 Kingler
53%
098 Krabby
53%
046 Paras
53%
114 Tangela
53%
248 Tyranitar
53%
104 Cubone
52%
246 Larvitar
52%
047 Parasect
52%
090 Shellder
52%
199 Slowking
52%
173 Cleffa
51%
105 Marowak
51%
247 Pupitar
51%
174 Igglybuff
50%
230 Kingdra
50%
102 Exeggcute
49%
103 Exeggutor
49%
108 Lickitung
49%
241 Miltank
49%
179 Mareep
48%
167 Spinarak
48%
176 Togetic
48%
181 Ampharos
46%
168 Ariados
46%
229 Houndoom
46%
214 Heracross
44%
228 Houndour
44%
165 Ledyba
44%
238 Smoochum
44%
182 Bellossom
43%
242 Blissey
43%
233 Porygon2
43%
236 Tyrogue
43%
201 Unown
43%
166 Ledian
42%
185 Sudowoodo
42%
186 Politoed
41%
180 Flaaffy
40%
187 Hoppip
39%
183 Marill
39%
198 Murkrow
39%
200 Misdreavus
38%
178 Xatu
38%
184 Azumarill
37%
177 Natu
37%
192 Sunflora
37%
232 Donphan
36%
189 Jumpluff
36%
231 Phanpy
36%
204 Pineco
36%
227 Skarmory
36%
191 Sunkern
36%
220 Swinub
36%
217 Ursaring
36%
221 Piloswine
35%
188 Skiploom
35%
216 Teddiursa
35%
225 Delibird
34%
226 Mantine
34%
195 Quagsire
34%
223 Remoraid
34%
194 Wooper
34%
170 Chinchou
33%
206 Dunsparce
33%
203 Girafarig
33%
171 Lanturn
33%
224 Octillery
33%
215 Sneasel
33%
234 Stantler
33%
205 Forretress
32%
235 Smeargle
32%
210 Granbull
31%
218 Slugma
31%
209 Snubbull
31%
190 Aipom
30%
222 Corsola
30%
202 Wobbufet
30%
193 Yanma
29%
219 Magcargo
28%
211 Qwilfish
25%
213 Shuckle
25%
115 Kangashkan
19%
207 Gilgar
11%
No matching quizzes found
Score Distribution
Percent of People with Each Score
Percentile by Number Answered
Your Score History
You have not taken this quiz since the last reset